[Event "HUN-chT2 Barcza 2324"]
[Site "Hungary"]
[Date "2024.05.12"]
[Round "9.6"]
[White "Sallai, Janos"]
[Black "Bako, Martin"]
[Result "1/2-1/2"]
[WhiteElo "1899"]
[BlackElo "1975"]
[PlyCount "96"]
[EventDate "2023.10.08"]
[EventType "team-tourn"]
[EventRounds "9"]
[EventCountry "HUN"]
[SourceTitle "EXT 2025"]
[Source "ChessBase"]
[SourceDate "2024.10.14"]
[SourceVersion "1"]
[SourceVersionDate "2024.10.14"]
[SourceQuality "1"]
[WhiteTeam "Mezokovesd"]
[BlackTeam "Edeleny"]
[WhiteTeamCountry "HUN"]
[BlackTeamCountry "HUN"]

1. e4 d5 2. exd5 Qxd5 3. Nc3 Qa5 4. d4 c6 5. Nf3 Nf6 6. Bd2 Bf5 7. Bc4 e6 8. Bb3 Nbd7 9. Nd5 Qd8 10. Ne3 Bg6 11. c4 Be7 12. 0-0 0-0 13. Bc2 Ne4 14. Bxe4 Bxe4 15. Bc3 Bf6 16. Ng4 Bg6 17. Nxf6+ Nxf6 18. Ne5 Ne4 19. Bb4 Re8 20. Nxg6 hxg6 21. Re1 Nd6 22. b3 a5 23. Bc3 b5 24. Qd3 Qd7 25. Rad1 b4 26. Bd2 Nf5 27. Bc1 Rad8 28. Bb2 e5 29. d5 cxd5 30. Rxe5 Rxe5 31. Bxe5 Ne7 32. h3 f6 33. Bb2 Kf7 34. Kf1 Ke8 35. Re1 dxc4 36. Qxc4 Qd5 37. Qxd5 Rxd5 38. Ke2 Kd7 39. Rd1 Kd6 40. Rd3 g5 41. g3 Nf5 42. Rxd5+ Kxd5 43. Kd3 Ne7 44. Bd4 Nc6 45. Bb6 g6 46. Bc7 Kc5 47. Ke4 f5+ 48. Kd3 Kd5 1/2-1/2

[Event "HUN-chT2 Barcza 2324"]
[Site "Hungary"]
[Date "2024.03.03"]
[Round "5.7"]
[White "Sallai, Janos"]
[Black "Balazs, Ladislav"]
[Result "0-1"]
[WhiteElo "1903"]
[BlackElo "2057"]
[PlyCount "96"]
[EventDate "2023.10.08"]
[EventType "team-tourn"]
[EventRounds "9"]
[EventCountry "HUN"]
[SourceTitle "EXT 2025"]
[Source "ChessBase"]
[SourceDate "2024.10.14"]
[SourceVersion "1"]
[SourceVersionDate "2024.10.14"]
[SourceQuality "1"]
[WhiteTeam "Mezokovesd"]
[BlackTeam "Kazincbarcika"]
[WhiteTeamCountry "HUN"]
[BlackTeamCountry "HUN"]

1. e4 c5 2. Nf3 Nc6 3. d4 cxd4 4. Nxd4 g6 5. Be3 Bg7 6. Nc3 Nf6 7. Bc4 d6 8. f3 Qb6 9. Bb5 Qc7 10. Qd2 Bd7 11. 0-0 0-0 12. Nxc6 Bxc6 13. Bxc6 Qxc6 14. Kh1 b5 15. a3 Rfc8 16. Rfc1 a5 17. Ne2 Nd7 18. Nd4 Qb7 19. Bh6 Ne5 20. Bxg7 Kxg7 21. b3 Qb6 22. a4 b4 23. Rd1 h6 24. Rac1 Qc5 25. Nb5 Nd7 26. c3 bxc3 27. Rxc3 Qb4 28. Rdc1 Rc5 29. Qb2 Kh7 30. Rxc5 Nxc5 31. Nd4 Nd3 32. Nc6 Nxb2 33. Nxb4 axb4 34. Rc7 Kg7 35. Rxe7 Nd3 36. Rb7 Kf6 37. Kg1 Rc8 38. Kf1 Rc2 39. a5 Rf2+ 40. Kg1 Ra2 41. g3 Rxa5 42. Rb6 Ke6 43. Kf1 Ra3 44. f4 f6 45. Ke2 Rxb3 46. f5+ gxf5 47. exf5+ Ke5 48. Rb5+ Nc5 0-1

[Event "HUN-chT2 Barcza 2223"]
[Site "Hungary"]
[Date "2023.04.23"]
[Round "7.7"]
[White "Sallai, Janos"]
[Black "Tumo, Bence"]
[Result "1/2-1/2"]
[WhiteElo "1909"]
[BlackElo "1873"]
[PlyCount "88"]
[EventDate "2022.11.20"]
[EventType "team-tourn"]
[EventRounds "7"]
[EventCountry "HUN"]
[SourceTitle "EXT 2025"]
[Source "ChessBase"]
[SourceDate "2024.10.14"]
[SourceVersion "1"]
[SourceVersionDate "2024.10.14"]
[SourceQuality "1"]
[WhiteTeam "Mezokovesd"]
[BlackTeam "Nyiregyhaza ESE"]
[WhiteTeamCountry "HUN"]
[BlackTeamCountry "HUN"]

1. e4 c5 2. Nc3 g6 3. g3 Nc6 4. Bg2 Bg7 5. d3 Nf6 6. Nge2 d6 7. 0-0 0-0 8. f4 Rb8 9. h3 Bd7 10. Kh2 b5 11. Qe1 b4 12. Nd1 Nd4 13. Nxd4 cxd4 14. Bd2 a5 15. b3 Qc7 16. Rc1 Rfc8 17. Nb2 Rb5 18. Nc4 e6 19. g4 d5 20. Ne5 Rc5 21. g5 Ne8 22. Nxd7 Qxd7 23. exd5 exd5 24. Qd1 Qc6 25. Rf2 Rxc2 26. Rxc2 Qxc2 27. Qxc2 Rxc2 28. Bxd5 Rxa2 29. Be1 Rxf2+ 30. Bxf2 Nc7 31. Bc4 Ne6 32. Kg3 Kf8 33. Kf3 Nc5 34. Bg3 f5 35. gxf6 Bxf6 36. f5 gxf5 37. Bd6+ Be7 38. Bxc5 Bxc5 39. Kf4 Kg7 40. Kxf5 Kh6 41. Kg4 Kg6 42. Bd5 h5+ 43. Kf4 Kf6 44. Bc4 Bb6 1/2-1/2

[Event "HUN-chT2 Barcza 2223"]
[Site "Hungary"]
[Date "2023.03.26"]
[Round "6.7"]
[White "Uzonyi, David"]
[Black "Sallai, Janos"]
[Result "1-0"]
[WhiteElo "2079"]
[BlackElo "1909"]
[PlyCount "77"]
[EventDate "2022.11.20"]
[EventType "team-tourn"]
[EventRounds "7"]
[EventCountry "HUN"]
[SourceTitle "EXT 2025"]
[Source "ChessBase"]
[SourceDate "2024.10.14"]
[SourceVersion "1"]
[SourceVersionDate "2024.10.14"]
[SourceQuality "1"]
[WhiteTeam "Hajduboszormeny"]
[BlackTeam "Mezokovesd"]
[WhiteTeamCountry "HUN"]
[BlackTeamCountry "HUN"]

1. e4 c5 2. c3 d5 3. exd5 Qxd5 4. d4 Nc6 5. Nf3 Bg4 6. Be2 Nf6 7. h3 Bh5 8. c4 Qd8 9. d5 Nb4 10. 0-0 e6 11. a3 Na6 12. Ng5 Bg6 13. dxe6 Be7 14. Qa4+ Kf8 15. Bf3 Qb6 16. Nxf7 Bxf7 17. exf7 Kxf7 18. Nc3 Nc7 19. Bf4 Rhd8 20. Qc2 Kg8 21. Rfe1 Re8 22. Re2 Bf8 23. Na4 Rxe2 24. Qxe2 Qa5 25. Bxb7 Re8 26. Qc2 Ne6 27. Be3 Qc7 28. Bd5 Kh8 29. Rd1 Nd4 30. Qd3 Qa5 31. Nxc5 Qxc5 32. Bxd4 Qc7 33. Bf3 Rd8 34. Bb6 Rxd3 35. Bxc7 Rxd1+ 36. Bxd1 Bc5 37. Bf3 Ne8 38. Bb8 Nd6 39. b4 1-0

[Event "HUN-chT2 Barcza 2223"]
[Site "Hungary"]
[Date "2023.02.12"]
[Round "3.7"]
[White "Pocsik, Gergo"]
[Black "Sallai, Janos"]
[Result "1/2-1/2"]
[WhiteElo "1804"]
[BlackElo "1909"]
[PlyCount "30"]
[EventDate "2022.11.20"]
[EventType "team-tourn"]
[EventRounds "7"]
[EventCountry "HUN"]
[SourceTitle "EXT 2025"]
[Source "ChessBase"]
[SourceDate "2024.10.14"]
[SourceVersion "1"]
[SourceVersionDate "2024.10.14"]
[SourceQuality "1"]
[WhiteTeam "Debrecen Sakkbaratok"]
[BlackTeam "Mezokovesd"]
[WhiteTeamCountry "HUN"]
[BlackTeamCountry "HUN"]

1. d4 Nf6 2. Bf4 e6 3. e3 c5 4. c3 Nc6 5. Nf3 d5 6. Nbd2 cxd4 7. exd4 Be7 8. Bd3 g6 9. Ne5 Nd7 10. Ndf3 Ndxe5 11. dxe5 Qa5 12. 0-0 Bd7 13. Bh6 Bf8 14. Bxf8 Kxf8 15. Re1 Kg7 1/2-1/2

[Event "HUN-chT2 Barcza 2223"]
[Site "Hungary"]
[Date "2022.12.04"]
[Round "2.7"]
[White "Sallai, Janos"]
[Black "Gyurika, Tamas"]
[Result "0-1"]
[WhiteElo "1909"]
[BlackElo "1861"]
[PlyCount "50"]
[EventDate "2022.11.20"]
[EventType "team-tourn"]
[EventRounds "7"]
[EventCountry "HUN"]
[SourceTitle "EXT 2025"]
[Source "ChessBase"]
[SourceDate "2024.10.14"]
[SourceVersion "1"]
[SourceVersionDate "2024.10.14"]
[SourceQuality "1"]
[WhiteTeam "Mezokovesd"]
[BlackTeam "Nyiregyhaza ESE"]
[WhiteTeamCountry "HUN"]
[BlackTeamCountry "HUN"]

1. e4 e5 2. Nf3 Nc6 3. Bb5 a6 4. Ba4 Nf6 5. 0-0 Bc5 6. Qe2 b5 7. Bb3 0-0 8. c3 Re8 9. a4 Rb8 10. axb5 axb5 11. Ng5 d5 12. exd5 Bg4 13. Qd3 e4 14. Qg3 Ne5 15. d4 exd3 16. Be3 Nh5 17. Qh4 Bxe3 18. fxe3 h6 19. d6 Qxg5 20. Qf2 Nf3+ 21. Kh1 Rxe3 22. dxc7 Rc8 23. Bd1 Re2 24. Bxe2 dxe2 25. Qxe2 Ng3+ 0-1

[Event "HUN-chT2 Barcza 2122"]
[Site "Hungary"]
[Date "2022.02.27"]
[Round "7.7"]
[White "Sallai, Janos"]
[Black "Botragyi, Tibor"]
[Result "1/2-1/2"]
[WhiteElo "1899"]
[BlackElo "1958"]
[PlyCount "46"]
[EventDate "2021.10.10"]
[EventType "team-tourn"]
[EventRounds "9"]
[EventCountry "HUN"]
[SourceTitle "EXT 2025"]
[Source "ChessBase"]
[SourceDate "2024.10.14"]
[SourceVersion "1"]
[SourceVersionDate "2024.10.14"]
[SourceQuality "1"]
[WhiteTeam "Mezokovesd"]
[BlackTeam "Debrecen Sakkbaratok"]
[WhiteTeamCountry "HUN"]
[BlackTeamCountry "HUN"]

1. e4 c5 2. Nf3 Nc6 3. d4 cxd4 4. Nxd4 g6 5. Be3 Bg7 6. Qd2 Nf6 7. f3 d5 8. exd5 Nxd5 9. Bf2 0-0 10. c3 Qd6 11. Na3 Qe5+ 12. Be2 Qh5 13. g3 Bh6 14. f4 Bg4 15. Bxg4 Qxg4 16. Qe2 Qxe2+ 17. Nxe2 e5 18. fxe5 Nxe5 19. 0-0 Ne3 20. Bxe3 Bxe3+ 21. Kg2 Rad8 22. Rad1 Bc5 23. Nc2 Nc4 1/2-1/2

[Event "HUN-chT2 Barcza 1819"]
[Site "Hungary"]
[Date "2019.03.31"]
[Round "10.2"]
[White "Sallai, Janos"]
[Black "Radai, Zoltan Mate"]
[Result "0-1"]
[WhiteElo "2070"]
[BlackElo "2010"]
[PlyCount "51"]
[EventDate "2018.09.23"]
[EventType "team-tourn"]
[EventRounds "11"]
[EventCountry "HUN"]
[SourceTitle "EXT 2021"]
[Source "ChessBase"]
[SourceDate "2020.10.23"]
[SourceVersion "1"]
[SourceVersionDate "2020.10.23"]
[SourceQuality "1"]
[WhiteTeam "Mezokovesd"]
[BlackTeam "Tiszavasvar"]
[WhiteTeamCountry "HUN"]
[BlackTeamCountry "HUN"]

1. e4 c6 2. d4 d5 3. exd5 cxd5 4. Bd3 Nc6 5. c3 Qc7 6. Ne2 Bg4 7. f3 Bh5 8. Bf4 Qd7 9. Bg3 Bg6 10. Bxg6 hxg6 11. Qd3 e6 12. Nd2 Bd6 13. 0-0-0 Nge7 14. f4 a6 15. Nf3 b5 16. Kb1 b4 17. c4 dxc4 18. Qxc4 Nd5 19. Ne5 Bxe5 20. fxe5 Ne3 21. Qd3 Nxd1 22. Rxd1 Ne7 23. h3 Nd5 24. Be1 Qb5 25. Qf3 Qb7 26. Bxb4 0-1

[Event "HUN-chT2 Barcza 1819"]
[Site "Hungary"]
[Date "2018.12.02"]
[Round "5.2"]
[White "Toth, Tamas3"]
[Black "Sallai, Janos"]
[Result "1-0"]
[WhiteElo "2237"]
[BlackElo "2070"]
[PlyCount "77"]
[EventDate "2018.09.23"]
[EventType "team-tourn"]
[EventRounds "11"]
[EventCountry "HUN"]
[SourceTitle "CBM 189 Extra"]
[Source "ChessBase"]
[SourceDate "2019.05.31"]
[SourceVersion "1"]
[SourceVersionDate "2019.05.31"]
[SourceQuality "1"]
[WhiteTeam "Hajduboszormeny"]
[BlackTeam "Mezokovesd"]
[WhiteTeamCountry "HUN"]
[BlackTeamCountry "HUN"]

1. e4 Nf6 2. e5 Nd5 3. c4 Nb6 4. d4 d6 5. f4 dxe5 6. fxe5 c5 7. d5 g6 8. Nf3 Bg7 9. Bd3 Bg4 10. Bf4 N8d7 11. Qe2 Bxf3 12. gxf3 0-0 13. 0-0 Qb8 14. Re1 Bh8 15. Bg3 Qc8 16. Nc3 f5 17. f4 Re8 18. a4 Rb8 19. Qg2 Bg7 20. Bh4 a6 21. Kh1 e6 22. a5 Na8 23. dxe6 Rxe6 24. Nd5 Qf8 25. Bc2 b5 26. Rad1 Kh8 27. Nc7 Nxc7 28. Rxd7 Ne8 29. Qd5 Qg8 30. Qxc5 Bf8 31. Qd5 Bh6 32. c5 Ng7 33. Bb3 Rbe8 34. Qd3 Bxf4 35. Bxe6 Qxe6 36. Bf6 Qxf6 37. exf6 Rxe1+ 38. Kg2 Ne6 39. Rd8+ 1-0

[Event "HUN-chT2 Barcza 1819"]
[Site "Hungary"]
[Date "2018.09.23"]
[Round "1.2"]
[White "Suciu, Dinu Simi"]
[Black "Sallai, Janos"]
[Result "1-0"]
[WhiteElo "2113"]
[BlackElo "2070"]
[PlyCount "85"]
[EventDate "2018.09.23"]
[EventType "team-tourn"]
[EventRounds "11"]
[EventCountry "HUN"]
[SourceTitle "CBM 189 Extra"]
[Source "ChessBase"]
[SourceDate "2019.05.31"]
[SourceVersion "1"]
[SourceVersionDate "2019.05.31"]
[SourceQuality "1"]
[WhiteTeam "Hajduszoboszlo"]
[BlackTeam "Mezokovesd"]
[WhiteTeamCountry "HUN"]
[BlackTeamCountry "HUN"]

1. c4 Nf6 2. g3 g6 3. Bg2 Bg7 4. Nc3 0-0 5. e4 c5 6. Nge2 Nc6 7. d3 d6 8. 0-0 Bd7 9. h3 Rb8 10. Be3 a6 11. Rc1 b5 12. b3 b4 13. Nd5 e6 14. Nxf6+ Qxf6 15. Qd2 Qe7 16. d4 cxd4 17. Nxd4 Nxd4 18. Bxd4 e5 19. Ba7 Rb7 20. Be3 Rd8 21. Rfd1 Bc6 22. c5 Rbd7 23. Qxb4 dxc5 24. Rxd7 Qxd7 25. Qxc5 Ba8 26. Qc7 Qd3 27. Qc4 Qd6 28. b4 h5 29. a4 Rb8 30. b5 axb5 31. axb5 Bf6 32. Ra1 Qd7 33. Ra7 Qe8 34. b6 Bd8 35. Qa6 Qc6 36. Qa2 Bb7 37. Qa5 Qe6 38. h4 Bc8 39. Ra8 Qd6 40. Qa7 Rxa8 41. Qxa8 Qd7 42. Qb8 Bf6 43. Bh3 1-0

[Event "HUN-chT2 Barcza 1718"]
[Site "Hungary"]
[Date "2018.05.06"]
[Round "11.3"]
[White "Ecsedi, Sandor"]
[Black "Sallai, Janos"]
[Result "1/2-1/2"]
[WhiteElo "1998"]
[BlackElo "2060"]
[PlyCount "34"]
[EventDate "2017.09.24"]
[EventType "team-tourn"]
[EventRounds "11"]
[EventCountry "HUN"]
[SourceTitle "EXT 2021"]
[Source "ChessBase"]
[SourceDate "2020.10.23"]
[SourceVersion "1"]
[SourceVersionDate "2020.10.23"]
[SourceQuality "1"]
[WhiteTeam "Hajduszoboszlo"]
[BlackTeam "Mezokovesd"]
[WhiteTeamCountry "HUN"]
[BlackTeamCountry "HUN"]

1. e4 c5 2. Nc3 Nc6 3. g3 g6 4. Bg2 Bg7 5. d3 e6 6. Be3 Qa5 7. Nge2 Nge7 8. 0-0 Nd4 9. Nc1 d6 10. Nb3 Qb6 11. Qd2 0-0 12. Na4 Qa6 13. Nc3 Rb8 14. Rfb1 b5 15. Nd1 b4 16. c3 bxc3 17. bxc3 Ndc6 1/2-1/2

[Event "HUN-chT2 Barcza 1718"]
[Site "Hungary"]
[Date "2017.09.24"]
[Round "1.3"]
[White "Sallai, Janos"]
[Black "Karolyfalvi, Zoltan"]
[Result "0-1"]
[WhiteElo "2060"]
[BlackElo "2125"]
[PlyCount "46"]
[EventDate "2017.09.24"]
[EventType "team-tourn"]
[EventRounds "11"]
[EventCountry "HUN"]
[SourceTitle "EXT 2021"]
[Source "ChessBase"]
[SourceDate "2020.10.23"]
[SourceVersion "1"]
[SourceVersionDate "2020.10.23"]
[SourceQuality "1"]
[WhiteTeam "Mezokovesd"]
[BlackTeam "Kazincbarcika"]
[WhiteTeamCountry "HUN"]
[BlackTeamCountry "HUN"]

1. e4 c6 2. d4 d5 3. Nc3 dxe4 4. Nxe4 Nd7 5. Nf3 Ngf6 6. Bd3 Nxe4 7. Bxe4 Nf6 8. Bd3 Bg4 9. c3 e6 10. h3 Bh5 11. Bg5 Qd5 12. g4 Nxg4 13. hxg4 Bxg4 14. Rg1 Bxf3 15. Qc2 Bd6 16. Be3 0-0 17. Rg5 f5 18. Qa4 Bb8 19. c4 Qd7 20. Qc2 f4 21. Bd2 Qxd4 22. Bf1 Qf6 23. Ra5 Bc7 0-1

[Event "HUN-chT2 Barcza 1617"]
[Site "Hungary"]
[Date "2017.03.12"]
[Round "10.2"]
[White "Sallai, Janos"]
[Black "Kanyadi, Zoltan"]
[Result "1/2-1/2"]
[WhiteElo "2060"]
[BlackElo "2085"]
[PlyCount "41"]
[EventDate "2016.09.25"]
[EventType "team-tourn"]
[EventRounds "11"]
[EventCountry "HUN"]
[SourceTitle "EXT 2021"]
[Source "ChessBase"]
[SourceDate "2020.10.23"]
[SourceVersion "1"]
[SourceVersionDate "2020.10.23"]
[SourceQuality "1"]
[WhiteTeam "Mezokovesd"]
[BlackTeam "Debrecen Sakkbaratok"]
[WhiteTeamCountry "HUN"]
[BlackTeamCountry "HUN"]

1. e4 c5 2. Nc3 d6 3. g3 Nc6 4. Bg2 g6 5. Nge2 Bg7 6. 0-0 e6 7. f4 Nge7 8. d3 0-0 9. g4 f5 10. Ng3 Nd4 11. h3 Rb8 12. Nce2 b5 13. c3 Nxe2+ 14. Qxe2 b4 15. Bd2 Bd7 16. Rab1 Re8 17. Kh2 a5 18. cxb4 axb4 19. Be3 Nc6 20. Qd2 Nd4 21. Ne2 1/2-1/2

[Event "HUN-chT2 Barcza 1617"]
[Site "Hungary"]
[Date "2017.02.26"]
[Round "9.2"]
[White "Vanczak, Attila"]
[Black "Sallai, Janos"]
[Result "1-0"]
[WhiteElo "2242"]
[BlackElo "2064"]
[PlyCount "59"]
[EventDate "2016.09.25"]
[EventType "team-tourn"]
[EventRounds "11"]
[EventCountry "HUN"]
[SourceTitle "EXT 2021"]
[Source "ChessBase"]
[SourceDate "2020.10.23"]
[SourceVersion "1"]
[SourceVersionDate "2020.10.23"]
[SourceQuality "1"]
[WhiteTeam "Miskolc Kisbocsok"]
[BlackTeam "Mezokovesd"]
[WhiteTeamCountry "HUN"]
[BlackTeamCountry "HUN"]

1. e4 c5 2. Nf3 Nc6 3. d4 cxd4 4. Nxd4 g6 5. c4 Bg7 6. Be3 Nf6 7. Nc3 0-0 8. Be2 d6 9. f3 Bd7 10. Qd2 a6 11. 0-0 Rc8 12. Rac1 Nxd4 13. Bxd4 Qa5 14. Rfd1 Qh5 15. Be3 Rc7 16. Rc2 Rfc8 17. Rdc1 Qh4 18. Bf1 Kf8 19. Ne2 Nxe4 20. fxe4 Qxe4 21. Nc3 Qh4 22. Nd5 Bf5 23. Rc3 Rc6 24. Bf2 Qh5 25. Be2 Bg4 26. Rh3 Bxe2 27. Rxh5 Bxh5 28. h3 f5 29. g4 fxg4 30. Qf4+ 1-0

[Event "HUN-chT2 Barcza 1617"]
[Site "Hungary"]
[Date "2017.02.12"]
[Round "8.2"]
[White "Sallai, Janos"]
[Black "Hidegh, Gabor"]
[Result "1/2-1/2"]
[WhiteElo "2064"]
[BlackElo "2102"]
[PlyCount "48"]
[EventDate "2016.09.25"]
[EventType "team-tourn"]
[EventRounds "11"]
[EventCountry "HUN"]
[SourceTitle "EXT 2021"]
[Source "ChessBase"]
[SourceDate "2020.10.23"]
[SourceVersion "1"]
[SourceVersionDate "2020.10.23"]
[SourceQuality "1"]
[WhiteTeam "Mezokovesd"]
[BlackTeam "Bajnok Sakkiskola"]
[WhiteTeamCountry "HUN"]
[BlackTeamCountry "HUN"]

1. e4 c5 2. Nf3 Nc6 3. d4 cxd4 4. Nxd4 Nf6 5. Nc3 e6 6. Be2 Bb4 7. Bf3 Qa5 8. Nde2 d5 9. exd5 exd5 10. 0-0 Be6 11. a3 Bxc3 12. Nxc3 0-0 13. Bf4 d4 14. Ne4 Qf5 15. Nxf6+ Qxf6 16. Qd2 h6 17. Rfe1 Rfd8 18. Bxc6 bxc6 19. Be5 Qg6 20. b4 Rd5 21. Bg3 Rad8 22. Re5 Rxe5 23. Bxe5 Bd5 24. Bg3 Be4 1/2-1/2

[Event "HUN-chT2 Barcza 1617"]
[Site "Hungary"]
[Date "2016.10.30"]
[Round "3.2"]
[White "Sallai, Janos"]
[Black "Mozes, Ervin"]
[Result "1/2-1/2"]
[WhiteElo "2066"]
[BlackElo "2164"]
[PlyCount "43"]
[EventDate "2016.09.25"]
[EventType "team-tourn"]
[EventRounds "11"]
[EventCountry "HUN"]
[SourceTitle "EXT 2021"]
[Source "ChessBase"]
[SourceDate "2020.10.23"]
[SourceVersion "1"]
[SourceVersionDate "2020.10.23"]
[SourceQuality "1"]
[WhiteTeam "Mezokovesd"]
[BlackTeam "Lillafured DVTK II"]
[WhiteTeamCountry "HUN"]
[BlackTeamCountry "HUN"]

1. e4 Nf6 2. e5 Nd5 3. d4 c6 4. Nc3 d6 5. f4 dxe5 6. fxe5 Bf5 7. Bd3 Bxd3 8. Qxd3 Nb4 9. Qe2 Qxd4 10. Nf3 Qb6 11. Ng5 h6 12. Nf3 e6 13. a3 N4a6 14. b4 Nd7 15. Be3 Qc7 16. Bf2 Be7 17. 0-0 0-0 18. Bg3 Rad8 19. Ne4 Qc8 20. c4 Nc7 21. Qe3 Qa8 22. Bf4 1/2-1/2

[Event "HUN-chT2 Barcza 1617"]
[Site "Hungary"]
[Date "2016.10.09"]
[Round "2.2"]
[White "Dovzik, Juri"]
[Black "Sallai, Janos"]
[Result "1-0"]
[WhiteElo "2284"]
[BlackElo "2066"]
[PlyCount "83"]
[EventDate "2016.09.25"]
[EventType "team-tourn"]
[EventRounds "11"]
[EventCountry "HUN"]
[SourceTitle "EXT 2021"]
[Source "ChessBase"]
[SourceDate "2020.10.23"]
[SourceVersion "1"]
[SourceVersionDate "2020.10.23"]
[SourceQuality "1"]
[WhiteTeam "Kazincbarcika"]
[BlackTeam "Mezokovesd"]
[WhiteTeamCountry "HUN"]
[BlackTeamCountry "HUN"]

1. c4 Nf6 2. g3 g6 3. Bg2 Bg7 4. Nc3 c5 5. Nf3 Nc6 6. d4 cxd4 7. Nxd4 0-0 8. 0-0 Qb6 9. Nc2 d6 10. b3 Be6 11. e4 Ng4 12. Nd5 Qd8 13. Rb1 f5 14. Bb2 Nf6 15. exf5 Bxf5 16. Nde3 Be6 17. Nd4 Nxd4 18. Qxd4 Qd7 19. Rbd1 Rfd8 20. Rfe1 Bf7 21. Nd5 e5 22. Nxf6+ Bxf6 23. Qe4 Rab8 24. f4 Qc7 25. fxe5 dxe5 26. Rxd8+ Qxd8 27. Qe3 Qa5 28. a4 Qb4 29. Rf1 Bg7 30. Qxa7 Qd6 31. Ba3 Qd8 32. Bxb7 Qd4+ 33. Qxd4 exd4 34. Bd5 Bxd5 35. cxd5 Rd8 36. d6 Be5 37. Kf2 Kf7 38. Ke2+ Ke6 39. Kd3 Kd5 40. Rc1 Bxd6 41. Bxd6 Rxd6 42. b4 1-0

[Event "HUN-chT2 Barcza 1516"]
[Site "Hungary"]
[Date "2016.04.03"]
[Round "10.3"]
[White "Sallai, Janos"]
[Black "Hibjan, Tamas"]
[Result "0-1"]
[WhiteElo "2058"]
[BlackElo "2167"]
[PlyCount "126"]
[EventDate "2015.09.13"]
[EventType "team-tourn"]
[EventRounds "11"]
[EventCountry "HUN"]
[SourceTitle "EXT 2017"]
[Source "ChessBase"]
[SourceDate "2016.10.25"]
[SourceVersion "1"]
[SourceVersionDate "2016.10.25"]
[SourceQuality "1"]
[WhiteTeam "Mezokovesd"]
[BlackTeam "Nyiregyhaza"]
[WhiteTeamCountry "HUN"]
[BlackTeamCountry "HUN"]

1. e4 c5 2. Nc3 Nc6 3. g3 g6 4. Bg2 Bg7 5. d3 d6 6. Nge2 e6 7. 0-0 Nge7 8. Rb1 a6 9. Be3 Nd4 10. Qd2 0-0 11. f4 Rb8 12. g4 Kh8 13. Ng3 f5 14. h3 Bd7 15. Nd1 Ndc6 16. c3 Qa5 17. a3 Rbd8 18. Qf2 e5 19. gxf5 gxf5 20. Nh5 Rg8 21. Nxg7 Rxg7 22. Kh2 Rdg8 23. Rg1 Qb5 24. Qd2 Ng6 25. Bh1 exf4 26. Bxf4 Nxf4 27. Rxg7 Rxg7 28. Qxf4 Qxd3 29. Rc1 Qe2+ 30. Qf2 Qxf2+ 31. Nxf2 f4 32. Nd3 Bxh3 33. Nxf4 Bg4 34. Nd5 Ne5 35. Rf1 Rf7 36. Rxf7 Nxf7 37. Kg3 Be6 38. Kf4 Kg7 39. Bf3 Ne5 40. Be2 Bxd5 41. exd5 Kf6 42. b4 Ng6+ 43. Ke4 cxb4 44. axb4 Kg5 45. Bf1 Ne5 46. c4 Kf6 47. Kd4 h5 48. Bh3 b6 49. Bf1 Nd7 50. Bh3 Ke7 51. Be6 h4 52. Kc3 Ne5 53. Kd4 Nf3+ 54. Ke3 Ng5 55. Bg4 Kf6 56. Kf4 h3 57. Kg3 Ke5 58. Bc8 a5 59. bxa5 bxa5 60. Bd7 Kd4 61. Bb5 Kc5 62. Kh2 Ne4 63. Kxh3 Nc3 0-1

[Event "HUN-chT2 Barcza 1516"]
[Site "Hungary"]
[Date "2015.11.29"]
[Round "5.2"]
[White "Bartha, Gabor"]
[Black "Sallai, Janos"]
[Result "0-1"]
[WhiteElo "1984"]
[BlackElo "2072"]
[PlyCount "72"]
[EventDate "2015.09.13"]
[EventType "team-tourn"]
[EventRounds "11"]
[EventCountry "HUN"]
[SourceTitle "CBM 170 Extra"]
[Source "ChessBase"]
[SourceDate "2016.02.25"]
[SourceVersion "1"]
[SourceVersionDate "2016.02.25"]
[SourceQuality "1"]
[WhiteTeam "Tiszavasvar"]
[BlackTeam "Mezokovesd"]
[WhiteTeamCountry "HUN"]
[BlackTeamCountry "HUN"]

1. e4 c5 2. Nf3 g6 3. d4 Bg7 4. Nc3 cxd4 5. Nxd4 Nc6 6. Be3 Nf6 7. Be2 a6 8. 0-0 0-0 9. f3 d5 10. exd5 Nxd5 11. Nxd5 Qxd5 12. Nxc6 Qxc6 13. c3 Bf5 14. Qb3 Qc7 15. Bf2 Be5 16. g3 Rfd8 17. Rfd1 Be6 18. Qc2 Bd5 19. f4 Bf6 20. Rd2 e6 21. c4 Bc6 22. Rad1 Rxd2 23. Rxd2 b6 24. b4 Bb7 25. b5 Rc8 26. Qd3 Rd8 27. Qe3 Rxd2 28. Qxd2 Ba8 29. Kf1 Qb7 30. Qe3 Qg2+ 31. Ke1 Be7 32. Bf1 Bb4+ 33. Ke2 Qxh2 34. Qe5 Bc5 35. Qb8+ Kg7 36. Qe5+ f6 0-1

[Event "HUN-chT2 Barcza 1516"]
[Site "Hungary"]
[Date "2015.10.18"]
[Round "3.3"]
[White "Sallai, Janos"]
[Black "Cselenyi, Balazs"]
[Result "0-1"]
[WhiteElo "2072"]
[BlackElo "2189"]
[PlyCount "112"]
[EventDate "2015.09.13"]
[EventType "team-tourn"]
[EventRounds "11"]
[EventCountry "HUN"]
[SourceTitle "CBM 170 Extra"]
[Source "ChessBase"]
[SourceDate "2016.02.25"]
[SourceVersion "1"]
[SourceVersionDate "2016.02.25"]
[SourceQuality "1"]
[WhiteTeam "Mezokovesd"]
[BlackTeam "Debrecen Sakkbaratok"]
[WhiteTeamCountry "HUN"]
[BlackTeamCountry "HUN"]

1. e4 c5 2. Nf3 a6 3. d4 cxd4 4. Nxd4 Nf6 5. Nc3 e5 6. Nf5 d5 7. Ng3 d4 8. Nb1 Nc6 9. Bc4 Bc5 10. 0-0 h6 11. a3 0-0 12. b4 Ba7 13. Kh1 Ng4 14. Be2 Nxf2+ 15. Rxf2 d3 16. Rf1 dxe2 17. Qxe2 Qh4 18. Bb2 Bg4 19. Qe1 Nd4 20. Bxd4 exd4 21. Nd2 Rac8 22. Rc1 Rc3 23. Nf3 Qd8 24. Ne5 Be6 25. Rf3 Rxf3 26. Nxf3 Qc7 27. Qd2 Rd8 28. Ne2 Bg4 29. Qd3 Bb8 30. Neg1 b5 31. Rd1 Rd7 32. Rd2 Be6 33. Qe2 Bg4 34. Qd3 Be6 35. Qe2 Ba7 36. Ne1 Qc4 37. Rd3 Qc6 38. Rd1 Bc4 39. Nd3 Re7 40. Re1 Rc7 41. Nf3 Bxd3 42. cxd3 Qc3 43. Qa2 Qxd3 44. Qd5 Qc4 45. Qd8+ Kh7 46. e5 Rc6 47. Qd7 Bb6 48. Qf5+ Kg8 49. h3 Qd5 50. Rd1 Rc3 51. Qf4 d3 52. e6 Qxe6 53. Re1 Bc7 54. Qd2 Qc4 55. Rd1 Bf4 56. Qe1 Rc1 0-1